Tratamiento de la tabes dorsal ó ataxia locomotriz (Record no. 140075)

MARC details
000 -LEADER
campo de control de longitud fija 00780nam a2200193 4500
001 - NÚMERO DE CONTROL
campo de control 140075
003 - IDENTIFICADOR DE NÚMERO DE CONTROL
campo de control ES-MaACL
005 - FECHA Y HORA DE LA ÚLTIMA TRANSACCIÓN
campo de control 20250717081032.0
007 - CAMPO FIJO DE DESCRIPCIÓN FÍSICA--INFORMACIÓN GENERAL
campo de control de longitud fija t|
008 - DATOS DE LONGITUD FIJA--INFORMACIÓN GENERAL
campo de control de longitud fija 070214s1906 sp r ||||1| spa d
100 1# - ENTRADA PRINCIPAL--NOMBRE DE PERSONA
Nombre de persona Securun Orga, Ventura Enrique.
9 (RLIN) 105059
245 10 - MENCIÓN DEL TÍTULO
Título Tratamiento de la tabes dorsal ó ataxia locomotriz
Resto del título : memoria de Doctorado en Medicina y Cirugía /
Mención de responsabilidad, etc. por Ventura Enrique Securun Orga.
260 ## - PUBLICACIÓN, DISTRIBUCIÓN, ETC.
Lugar de publicación, distribución, etc. Zaragoza :
Nombre del editor, distribuidor, etc. [s. n.],
Fecha de publicación, distribución, etc. 1906 (
Fabricante Tip. y Enc. y Lib. de A. Uriarte)
300 ## - DESCRIPCIÓN FÍSICA
Extensión 50 p., [1] h. pleg. de tabl. ;
Dimensiones 21 cm.
500 ## - NOTA GENERAL
Nota general Tesis de doctorado presentada en la Universidad Central el 2 de junio de 1906.
710 2# - ENTRADA AGREGADA--NOMBRE DE ENTIDAD CORPORATIVA
Nombre de entidad corporativa o nombre de jurisdicción como elemento de entrada Universidad Central (Madrid).
Unidad subordinada Facultad de Medicina
9 (RLIN) 7093
852 ## - LOCALIZACIÓN
Ubicación ES-MaACL
Número de control de estantería T-1134-F-11
Holdings
Estatus retirado Estado de pérdida Estado de daño No para préstamo Colección Biblioteca de origen Biblioteca actual Ubicación en estantería Fecha de adquisición Fuente de adquisición Total de préstamos Signatura topográfica completa Código de barras Visto por última vez Precio de reemplazo Tipo de ítem Koha
        Colección de folletos Biblioteca del Ateneo de Madrid Biblioteca del Ateneo de Madrid Depósito folletos 17/01/2008     T-1134-F-11 1145767 23/02/2023 23/02/2023 Folleto